000 00689nam a2200205Ii 4500
003 JO-AjNU
008 230605s9999||||xx |||||||||||||| ||und||
017 _a81/4521
040 _aJO-AjNU
_bara
_erda
_cJO-AjNU
041 _aara
050 1 4 _aBL60.B396 1981
100 3 _aبيومي،محمد احمد ، غيث،محمد عاطف/تقديم,
_eauthor
_919703
245 0 0 _aعلم الإجتماع الديني
264 3 1 _aالاسكندرية:دار المعرفة الجامعية ، د.ت
300 _a550ص
336 _atext
_btxt
_2rdacontent
337 _aunmediated
_bn
_2rdamedia
338 _avolume
_bnc
_2rdacarrier
650 4 _aعلم اجتماع الديني
_919704
999 _aA6549
_c10117
_d10117